logo

Bir Sreshtho Munshi Abdur Rouf Library
Jhenaidah Cadet College

Cultural Connectivity For Peach In South Asia / (Record no. 4741)

MARC details
000 -LEADER
fixed length control field 00678nam a2200241 a 4500
001 - CONTROL NUMBER
JCCL Control Number 4741
003 - CONTROL NUMBER IDENTIFIER
JCCL marc code BD-JhCC
005 - DATE AND TIME OF LATEST TRANSACTION
control field 20171203085021.0
008 - FIXED-LENGTH DATA ELEMENTS--GENERAL INFORMATION
fixed length control field 171130s2005 ii a|||| || | 000 0 eng d
035 ## - SYSTEM CONTROL NUMBER
system control number (BD-JhCC)4741
040 ## - CATALOGING SOURCE
Original cataloging agency BD-JhCC
Modifying agency BD-JhCC
041 ## - LANGUAGE CODE
Language code of Book eng
082 ## - DEWEY DECIMAL CLASSIFICATION NUMBER
Classification number 327.54058
Author mark and Year CON 2005
245 ## - TITLE STATEMENT
Title Cultural Connectivity For Peach In South Asia /
Statement of responsibility, etc Editor by Ajeet Cour, Pankaj Bhan
260 ## - PUBLICATION, DISTRIBUTION, ETC. (IMPRINT)
Place of publication, distribution, etc India :
Name of publisher, distributor, etc Foundation of SAARC Writers and Literature,
Date of publication, distribution, etc 2005.
300 ## - PHYSICAL DESCRIPTION
Pagination 168 p. :
Dimensions 24 cm.
650 ## - SUBJECT ADDED ENTRY--TOPICAL TERM
Topical term or geographic name as entry element Diplomatic Relations
Geographic subdivision South Asia
650 ## - SUBJECT ADDED ENTRY--TOPICAL TERM
Topical term or geographic name as entry element SAARC
700 ## - ADDED ENTRY--PERSONAL NAME
Personal name Bhan, Pankaj
700 ## - ADDED ENTRY--PERSONAL NAME
Personal name Cour, Ajeet
942 ## - ADDED ENTRY ELEMENTS (KOHA)
Source of classification or shelving scheme Dewey Decimal Classification
Koha item type Books
Holdings
Source of classification or shelving scheme Damaged status Not for loan Home library Current library Shelving location Date of accession Cost, normal purchase price Total Checkouts Full call number Barcode Date last seen Copy number Koha item type
Dewey Decimal Classification     JCC Rouf Library JCC Rouf Library General Stacks 11/30/2017 550.00   327.54058 CON 2005 6509 11/30/2017 C- 1 Books

JCC Library | Contacts | JCC Home

Last Update on 23 September 2017
Copyright @ 2017-2020 JCC Rouf Library
Rouf Library, Jhenidah Cadet College (JCC), Bangladesh